Quality Management / (Record no. 20536)

MARC details
000 -LEADER
fixed length control field 00445nam a22001697a 4500
003 - CONTROL NUMBER IDENTIFIER
control field OSt
008 - FIXED-LENGTH DATA ELEMENTS--GENERAL INFORMATION
fixed length control field 240515b2006 |||||||| |||| 00| 0 eng d
020 ## - INTERNATIONAL STANDARD BOOK NUMBER
International Standard Book Number 0195677951
082 ## - DEWEY DECIMAL CLASSIFICATION NUMBER
Classification number 658.4013
Item number BED-Q
100 ## - MAIN ENTRY--PERSONAL NAME
Personal name Bedi, Kanishka
245 ## - TITLE STATEMENT
Title Quality Management /
Statement of responsibility, etc Kanishka Bedi.
260 ## - PUBLICATION, DISTRIBUTION, ETC. (IMPRINT)
Place of publication, distribution, etc New Delhi :
Name of publisher, distributor, etc Oxford University;
Date of publication, distribution, etc 2006.
300 ## - PHYSICAL DESCRIPTION
Extent / Pages 712 p. ;
650 ## - SUBJECT ADDED ENTRY--TOPICAL TERM
Topical term or geographic name as entry element Quality control
650 ## - SUBJECT ADDED ENTRY--TOPICAL TERM
Topical term or geographic name as entry element Total quality management
942 ## - ADDED ENTRY ELEMENTS (KOHA)
Source of classification or shelving scheme
Koha item type Books
Holdings
Withdrawn status Lost status Source of classification or shelving scheme Damaged status Not for loan Home library Current library Date acquired Source of acquisition Currency Cost, normal purchase price Full call number Barcode Date last seen Copy number Bill Date Koha item type Bill Number
          SOBD Library SOBD Library 11/04/2024 Vedi Books INR 1130.00 658.4013 BED-Q1 005603 15/05/2024 1 11/04/2024 Reference Books VEDI/24-25/04/10
          SOBD Library SOBD Library 11/04/2024 Vedi Books INR 1130.00 658.4013 BED-Q2 005604 15/05/2024 2 11/04/2024 Books VEDI/24-25/04/10
          SOBD Library SOBD Library 11/04/2024 Vedi Books INR 1130.00 658.4013 BED-Q3 005605 15/05/2024 3 11/04/2024 Books VEDI/24-25/04/10
          SOBD Library SOBD Library 11/04/2024 Vedi Books INR 1130.00 658.4013 BED-Q4 005606 15/05/2024 4 11/04/2024 Books VEDI/24-25/04/10
          SOBD Library SOBD Library 11/04/2024 Vedi Books INR 1130.00 658.4013 BED-Q5 005607 15/05/2024 5 11/04/2024 Books VEDI/24-25/04/10
          SOBD Library SOBD Library 11/04/2024 Vedi Books INR 1130.00 658.4013 BED-Q6 005608 15/05/2024 6 11/04/2024 Books VEDI/24-25/04/10
          SOBD Library SOBD Library 11/04/2024 Vedi Books INR 1130.00 658.4013 BED-Q7 005609 15/05/2024 7 11/04/2024 Books VEDI/24-25/04/10
          SOBD Library SOBD Library 11/04/2024 Vedi Books INR 1130.00 658.4013 BED-Q8 005610 15/05/2024 8 11/04/2024 Books VEDI/24-25/04/10
          SOBD Library SOBD Library 11/04/2024 Vedi Books INR 1130.00 658.4013 BED-Q9 005611 15/05/2024 9 11/04/2024 Books VEDI/24-25/04/10
          SOBD Library SOBD Library 11/04/2024 Vedi Books INR 1130.00 658.4013 BED-Q10 005612 15/05/2024 10 11/04/2024 Books VEDI/24-25/04/10
          SOBD Library SOBD Library 11/04/2024 Vedi Books INR 1130.00 658.4013 BED-Q11 005613 15/05/2024 11 11/04/2024 Books VEDI/24-25/04/10
          SOBD Library SOBD Library 11/04/2024 Vedi Books INR 1130.00 658.4013 BED-Q12 005614 15/05/2024 12 11/04/2024 Books VEDI/24-25/04/10
Hosted, Implemented, Customized & Maintained by: BestBookBuddies

Powered by Koha